| 000 | 01108nam a22002655a 4500 | ||
|---|---|---|---|
| 003 | OSt | ||
| 005 | 20170309153426.0 | ||
| 008 | 170226s2006 ua frb 000 0 ara d | ||
| 015 | _a2006 / 16133 | ||
| 020 | _a9770449709 | ||
| 040 |
_aEG-ScBUE _bara _cEG-ScBUE |
||
| 082 | 0 | 4 |
_a347.09 _bس ل ا _222 |
| 100 | 1 | _aسلامة، أحمد عبد الكريم. | |
| 245 | 1 | 2 |
_a التحكيم في المعاملات المالية الداخلية والدولية : _bالمدنية والتجارية والإدارية والجمركية : دراسة مقارنة / _cتأليف أحمد عبد الكريم سلامة. |
| 250 | _aط. 1. | ||
| 260 |
_aالقاهرة : _bدار النهضة العربية، _c2006. |
||
| 300 |
_a601 ص. ؛ _c24 سم. |
||
| 504 | _aيشتمل على إرجاعات ببليوجرافية. | ||
| 650 | 7 |
_aالتحكيم (قانون المرافعات) _2BUEsh |
|
| 650 | 7 |
_aالتحكيم القضائي. _2BUEsh |
|
| 650 | 7 |
_aقانون الإجراءات المدنية والتجارية. _2BUEsh |
|
| 651 | _2BUEsh | ||
| 653 |
_bLLAAWW _cMarch2017 |
||
| 942 | _2ddc | ||
| 999 |
_c24338 _d24310 |
||